000 00843cab a2200253 4500
001 ABS50759
008 090401t1994 xxu||||| |||| 00| 0 eng d
035 _a(Sirsi) u37745
041 _aeng
245 _aValuing over-rented property
260 _c1994
350 _a0
490 _aEstates Gazette
_v(9421) 28 May 1994, 120-122(2)
520 _aSelects from the wide range of approaches to valuing over-rented property arising over the past four years a more straightforward method for use as a worked example. Looks at the hard-core approach. References.
650 _aFALLING RENTS
650 _aGROWTH-EXPLICIT VALUATION
650 _aHARDCORE APPROACH
650 _aMARKET VALUE
650 _aOVER-RENTED PROPERTY
650 _aVALUATION METHODS
690 _aRATING AND VALUATION
942 _n0
948 _c04/03/1997
999 _c24311
_d24311